000 00489nam a2200169 4500
001 107202
003 ES-MaACL
005 20250702063053.0
007 t|
008 061121s1972 sp r ||||1| spa d
100 1 _aMorales Padrón, Francisco,
_d1924-2010
_983066
245 1 0 _aSevilla insólita /
_cFrancisco Morales Padrón.
260 _aSevilla :
_bUniversidad,
_c1972.
300 _a189 p. ;
_c19 cm.
852 _aES-MaACL
_jC-47619
_bR.81683
999 _c107202
_d107202